LEADER 00731nam0 2200241 450 001 000001463 005 20060124101757.0 100 $a20000613d1994----km-y0itay50------ba 101 0 $aita 102 $aIT 200 1 $a<>teoria monetaria della produzione$fAugusto Graziani 210 $aArezzo$cBanca popolare dell'Etruria e del Lazio$d(stampa 1994) 215 $a171 p.$d23 cm 225 2 $aStudi e ricerche 410 0$12001$aStudi e ricerche 610 1 $aMoneta$aTeorie 676 $a332.401 700 1$aGraziani,$bAugusto$0939 801 0$aIT$bUNIPARTHENOPE$gRICA$2UNIMARC 912 $a000001463 951 $a332-T/8$b33941$cNAVA1$d20000726 996 $aTeoria monetaria della produzione$9962054 997 $aUNIPARTHENOPE LEADER 02382nas 2200745-a 450 001 996211604003316 005 20240207204430.0 024 8 $aeb56797872 035 $a(DE-599)ZDB2496706-3 035 $a(OCoLC)319891682 035 $a(CKB)1000000000717120 035 $a(CONSER)--2009243793 035 $a(EXLCZ)991000000000717120 100 $a20090501a20099999 s-- - 101 0 $aeng 135 $aurcnu|||||||| 181 $ctxt$2rdacontent 182 $cc$2rdamedia 183 $acr$2rdacarrier 200 00$aDatabase $ethe journal of biological databases and curation 210 $aOxford $cOxford Journals$d2009- 215 $a1 online resource 300 $aRefereed/Peer-reviewed 300 $aTitle from journal home page (viewed May 1, 2009). 300 $aArticles are published continuously on the Internet. 311 $a1758-0463 517 3 $aJournal of biological databases and curation 531 $aJOURNAL OF BIOLOGICAL DATABASES AND CURATION 531 $aDATABASE 531 $aDatabase (Oxford) 531 $aOXFORD 531 $aDATABASE-OXFORD 531 10$aDatabase (Oxford) 531 0 $aDatabase 606 $aBiology$xDatabases$vPeriodicals 606 $aBioinformatics$vPeriodicals 606 $aBiology$xData processing$vPeriodicals 606 $aComputational Biology 606 $aBiologie$xBases de données$vPériodiques 606 $aBio-informatique$vPériodiques 606 $aBiologie$xInformatique$vPériodiques 606 $aBio-informatique 606 $aInformation Management$2ebps 606 $aBioinformatics$2fast$3(OCoLC)fst00832181 606 $aBiology$xData processing$2fast$3(OCoLC)fst00832406 608 $aPeriodical 608 $aPeriodicals.$2fast 608 $aPeriodicals.$2lcgft 610 $aBiology - General 615 0$aBiology$xDatabases 615 0$aBioinformatics 615 0$aBiology$xData processing 615 12$aComputational Biology 615 6$aBiologie$xBases de données 615 6$aBio-informatique 615 6$aBiologie$xInformatique 615 6$aBio-informatique. 615 7$aInformation Management. 615 7$aBioinformatics. 615 7$aBiology$xData processing. 712 02$aOxford Journals (Firm), 906 $aJOURNAL 912 $a996211604003316 996 $aDatabase$92252122 997 $aUNISA